[Event "CHN-ch Prelim rap 1st"]
[Site "Hefei"]
[Date "2011.07.04"]
[Round "4"]
[White "Zhou, Jianchao"]
[Black "Wang, Zili"]
[Result "1/2-1/2"]
[WhiteElo "2636"]
[BlackElo "2488"]
[PlyCount "96"]
[EventDate "2011.07.03"]
[EventType "swiss (rapid)"]
[EventRounds "9"]
[EventCountry "CHN"]
[SourceTitle "CBM 143 Extra"]
[Source "ChessBase"]
[SourceDate "2011.08.29"]
[SourceVersion "1"]
[SourceVersionDate "2011.08.29"]
[SourceQuality "1"]

1. d4 Nf6 2. c4 c5 3. d5 b5 4. cxb5 a6 5. bxa6 Bxa6 6. Nc3 d6 7. Nf3 Nbd7 8. e4 Bxf1 9. Kxf1 g6 10. g3 Bg7 11. Kg2 0-0 12. a4 Qa5 13. Bd2 Qa6 14. Re1 Rfc8 15. Nb5 c4 16. Bb4 Qb6 17. h3 Nc5 18. Bxc5 Qxc5 19. Nfd4 Nd7 20. Nc6 Kf8 21. Rb1 Ne5 22. b4 cxb3 23. Rc1 Qb6 24. Nxe5 Bxe5 25. Qxb3 Qa5 26. Rxc8+ Rxc8 27. Re2 Rc1 28. Rc2 Ra1 29. Ra2 Qe1 30. Rxa1 Bxa1 31. Qc2 Qb4 32. Na7 Bc3 33. Nc6 Qa3 34. Qd3 Qa1 35. a5 Bxa5 36. Qa6 Bc3 37. Qc8+ Kg7 38. Nxe7 Qe1 39. Qc4 h5 40. h4 Qd2 41. Nc6 Qb2 42. Kf3 Qa1 43. Qd3 Qh1+ 44. Ke2 Qe1+ 45. Kf3 Qh1+ 46. Ke3 Qc1+ 47. Kf3 Qh1+ 48. Ke2 Qe1+ 1/2-1/2

[Event "All China Games 4th"]
[Site "Hefei"]
[Date "2010.05.19"]
[Round "9"]
[White "Wang, Zili"]
[Black "Hou, Yifan"]
[Result "1-0"]
[WhiteElo "2492"]
[BlackElo "2589"]
[PlyCount "103"]
[EventDate "2010.05.17"]
[EventType "swiss (rapid)"]
[EventRounds "11"]
[EventCountry "CHN"]
[SourceTitle "CBM 136 Extra"]
[Source "ChessBase"]
[SourceDate "2010.07.02"]
[SourceVersion "2"]
[SourceVersionDate "2010.07.15"]
[SourceQuality "1"]

1. e4 c5 2. Nf3 d6 3. d4 cxd4 4. Nxd4 Nf6 5. Nc3 a6 6. Be2 e6 7. Be3 Qc7 8. a4 b6 9. f4 Bb7 10. Bf3 Nbd7 11. Qe2 Be7 12. 0-0 0-0 13. g4 Nc5 14. Qg2 d5 15. exd5 Nxd5 16. Nxd5 Bxd5 17. Bxd5 exd5 18. Qxd5 Rfe8 19. Qc6 Qxc6 20. Nxc6 Bf6 21. Bd4 Rac8 22. Bxf6 Rxc6 23. Bh4 h5 24. gxh5 Re4 25. a5 bxa5 26. Rxa5 Ne6 27. c3 Nxf4 28. Bg3 Ne6 29. Raf5 Re2 30. Rxf7 Rxb2 31. h6 gxh6 32. Ra7 Ng5 33. Rd1 Nf7 34. Rdd7 Rf6 35. c4 Rc2 36. Rdc7 h5 37. Ra8+ Kh7 38. Be5 Rc1+ 39. Kg2 Rc2+ 40. Kg3 Rxc4 41. Rxc4 Nxe5 42. Rc7+ Kg6 43. Rca7 Rf3+ 44. Kg2 Rb3 45. Rxa6+ Kf5 46. Rf8+ Ke4 47. Ra4+ Kd3 48. Rf5 Ng4 49. Rxh5 Ne3+ 50. Kf3 Nc4 51. Kf4 Nb6 52. Rh3+ 1-0

[Event "All China Games 4th"]
[Site "Hefei"]
[Date "2010.05.18"]
[Round "3"]
[White "Lou, Yiping"]
[Black "Wang, Zili"]
[Result "1-0"]
[WhiteElo "2433"]
[BlackElo "2492"]
[PlyCount "79"]
[EventDate "2010.05.17"]
[EventType "swiss (rapid)"]
[EventRounds "11"]
[EventCountry "CHN"]
[SourceTitle "CBM 136 Extra"]
[Source "ChessBase"]
[SourceDate "2010.07.02"]
[SourceVersion "2"]
[SourceVersionDate "2010.07.15"]
[SourceQuality "1"]

1. Nf3 Nf6 2. c4 c5 3. Nc3 e6 4. d4 cxd4 5. Nxd4 a6 6. Bg5 Be7 7. e3 d6 8. Be2 Qc7 9. 0-0 b6 10. Bf3 Bb7 11. Bxf6 gxf6 12. Bxb7 Qxb7 13. Qh5 Qc8 14. Rac1 Nc6 15. Rfd1 Ra7 16. Ncb5 Rb7 17. Nxc6 Qxc6 18. Nd4 Qc8 19. b4 Rc7 20. b5 Rc5 21. Qg4 axb5 22. Nxb5 d5 23. Qg7 Rf8 24. Qxh7 dxc4 25. a4 Qc6 26. g3 f5 27. Qg7 e5 28. Qh7 Qf6 29. Qh3 Rh8 30. Qg2 Kf8 31. Rd7 f4 32. Qa8+ Kg7 33. Qf3 fxe3 34. Qxe3 Qe6 35. Rcd1 Rhc8 36. Nc3 R5c7 37. R7d2 Bb4 38. Qg5+ Kh7 39. Rd8 Bf8 40. Ne4 1-0

[Event "All China Games 3rd"]
[Site "Suzhou"]
[Date "2006.05.25"]
[Round "10"]
[White "Wang, Zili"]
[Black "Li, Ruofan"]
[Result "1-0"]
[WhiteElo "2501"]
[BlackElo "2391"]
[PlyCount "93"]
[EventDate "2006.05.20"]
[EventType "swiss"]
[EventRounds "11"]
[EventCountry "CHN"]
[SourceTitle "CBM 112 Extra"]
[Source "ChessBase"]
[SourceDate "2006.07.14"]
[SourceVersion "1"]
[SourceVersionDate "2006.07.14"]
[SourceQuality "1"]

1. e4 c5 2. Nf3 e6 3. d4 cxd4 4. Nxd4 a6 5. Be2 b5 6. a4 b4 7. 0-0 Bb7 8. Bf3 Nc6 9. Nxc6 Bxc6 10. c3 Nf6 11. e5 Nd5 12. c4 Ne7 13. b3 Qc7 14. Bb2 Ng6 15. Re1 Be7 16. Nd2 Bxf3 17. Qxf3 0-0 18. Ne4 Nxe5 19. Qg3 f6 20. Nxf6+ Bxf6 21. Bxe5 Bxe5 22. Rxe5 Rad8 23. Qe3 d5 24. cxd5 exd5 25. Re7 Qf4 26. Rc1 Qxe3 27. fxe3 Rc8 28. Rcc7 Rxc7 29. Rxc7 Rd8 30. Kf2 d4 31. Rc4 dxe3+ 32. Kxe3 a5 33. Rc5 Rd1 34. Rxa5 Rb1 35. Kd4 Rxb3 36. Kc4 Rb2 37. Rg5 Kf7 38. a5 Kf6 39. Rg3 g6 40. a6 h5 41. Kb5 Ra2 42. Kb6 b3 43. Rxb3 Rxg2 44. a7 Ra2 45. Rb5 Rxa7 46. Kxa7 h4 47. h3 1-0

[Event "All China Games 3rd"]
[Site "Suzhou"]
[Date "2006.05.24"]
[Round "8"]
[White "Wang, Zili"]
[Black "Gu, Xiaobing"]
[Result "0-1"]
[WhiteElo "2501"]
[BlackElo "2371"]
[PlyCount "72"]
[EventDate "2006.05.20"]
[EventType "swiss"]
[EventRounds "11"]
[EventCountry "CHN"]
[SourceTitle "CBM 112 Extra"]
[Source "ChessBase"]
[SourceDate "2006.07.14"]
[SourceVersion "1"]
[SourceVersionDate "2006.07.14"]
[SourceQuality "1"]

1. e4 c5 2. Nc3 a6 3. f4 b5 4. g3 Bb7 5. Bg2 e6 6. d3 d5 7. e5 Be7 8. Nh3 Nh6 9. 0-0 Nf5 10. Ne2 h5 11. c3 Nc6 12. Bd2 Qd7 13. a4 0-0 14. Nf2 g6 15. h3 d4 16. g4 hxg4 17. hxg4 Nh4 18. Bh1 c4 19. Ng3 dxc3 20. bxc3 cxd3 21. Nge4 Na5 22. Be3 Nc4 23. Bd4 d2 24. Ra2 Rfd8 25. Rxd2 Nxd2 26. Qxd2 b4 27. Qe3 bxc3 28. Bxc3 Rac8 29. Ba5 Qd4 30. Qh3 Bxe4 31. Bxd8 Rc3 32. Bb6 Qb4 33. Be3 Bxh1 34. g5 Bg2 35. Qxh4 Bxf1 36. Bd2 Be2 0-1

[Event "All China Games 3rd"]
[Site "Suzhou"]
[Date "2006.05.20"]
[Round "1"]
[White "Wang, Zili"]
[Black "Ruan, Lufei"]
[Result "1/2-1/2"]
[WhiteElo "2501"]
[BlackElo "2370"]
[PlyCount "106"]
[EventDate "2006.05.20"]
[EventType "swiss"]
[EventRounds "11"]
[EventCountry "CHN"]
[SourceTitle "CBM 112 Extra"]
[Source "ChessBase"]
[SourceDate "2006.07.14"]
[SourceVersion "1"]
[SourceVersionDate "2006.07.14"]
[SourceQuality "1"]

1. e4 e5 2. Nf3 Nc6 3. Bb5 Nf6 4. 0-0 Nxe4 5. d4 Nd6 6. Bxc6 dxc6 7. dxe5 Nf5 8. Qxd8+ Kxd8 9. Nc3 Bd7 10. b3 Kc8 11. Bb2 Be7 12. Rad1 b6 13. Ne4 h6 14. h3 a5 15. g4 Nh4 16. Nxh4 Bxh4 17. e6 Bxe6 18. Bxg7 Rg8 19. Bf6 Bxg4 20. Rd8+ Rxd8 21. Bxd8 Kxd8 22. hxg4 a4 23. Kg2 axb3 24. axb3 Ra2 25. c3 Be7 26. Rh1 Bf8 27. b4 Bg7 28. Kg3 Rc2 29. Rd1+ Ke7 30. Re1 Kd7 31. Re3 Ke6 32. f3 f5 33. gxf5+ Kxf5 34. f4 h5 35. Kf3 h4 36. Rd3 Rc1 37. b5 Rf1+ 38. Nf2 cxb5 39. Rd5+ Ke6 40. Rxb5 Bxc3 41. Kg2 Re1 42. Rh5 Bf6 43. Ng4 Be7 44. f5+ Kf7 45. Rh7+ Kg8 46. Rh6 Bf8 47. Rxh4 b5 48. Kf2 Rc1 49. Nf6+ Kf7 50. Nd7 Rc2+ 51. Ke3 Rg2 52. Ne5+ Kf6 53. Nd7+ Kxf5 1/2-1/2

[Event "CHN-chT final-B 1st"]
[Site "China"]
[Date "2005.09.16"]
[Round "5"]
[White "Wang, Zili"]
[Black "Azmaiparashvili, Zurab"]
[Result "1/2-1/2"]
[WhiteElo "2501"]
[BlackElo "2672"]
[PlyCount "25"]
[EventDate "2005.11.??"]
[EventType "team-tourn"]
[EventRounds "5"]
[EventCountry "CHN"]
[SourceTitle "EXT 2017"]
[Source "ChessBase"]
[SourceDate "2016.10.25"]
[SourceVersion "1"]
[SourceVersionDate "2016.10.25"]
[SourceQuality "1"]

1. e4 c6 2. d4 d5 3. e5 Bf5 4. Nf3 e6 5. Be2 Bg6 6. Nbd2 Ne7 7. 0-0 c5 8. c4 cxd4 9. Nxd4 Nec6 10. Qa4 Bc5 11. Nxc6 Nxc6 12. cxd5 exd5 13. Nb3 1/2-1/2

[Event "CHN-chT final-B 1st"]
[Site "China"]
[Date "2005.09.14"]
[Round "3"]
[White "Lin, Chen"]
[Black "Wang, Zili"]
[Result "1/2-1/2"]
[WhiteElo "2332"]
[BlackElo "2501"]
[PlyCount "67"]
[EventDate "2005.11.??"]
[EventType "team-tourn"]
[EventRounds "5"]
[EventCountry "CHN"]
[SourceTitle "EXT 2017"]
[Source "ChessBase"]
[SourceDate "2016.10.25"]
[SourceVersion "1"]
[SourceVersionDate "2016.10.25"]
[SourceQuality "1"]

1. e4 c5 2. Nf3 d6 3. d4 cxd4 4. Nxd4 Nf6 5. Nc3 Nc6 6. Be2 g6 7. 0-0 Bg7 8. Nb3 0-0 9. Re1 a6 10. Bf1 b5 11. Nd5 Nxd5 12. exd5 Ne5 13. Bg5 h6 14. Be3 Bb7 15. Rb1 Rc8 16. c3 Re8 17. Be2 Ba8 18. Kh1 Nc4 19. Bd4 Bxd4 20. Qxd4 Qb6 21. Red1 Qxd4 22. Rxd4 Nb6 23. Rbd1 Kg7 24. Kg1 Rc7 25. Kf1 Rb8 26. Na5 Rc5 27. Bf3 Rc7 28. R1d2 h5 29. h4 Rbc8 30. Ke2 Kf6 31. Rf4+ Kg7 32. Rfd4 Kf6 33. Rf4+ Kg7 34. Rfd4 1/2-1/2

[Event "CHN-chT final-B 1st"]
[Site "China"]
[Date "2005.09.13"]
[Round "2"]
[White "Wang, Zili"]
[Black "Wang, Yaoyao"]
[Result "1/2-1/2"]
[WhiteElo "2501"]
[BlackElo "2456"]
[PlyCount "80"]
[EventDate "2005.11.??"]
[EventType "team-tourn"]
[EventRounds "5"]
[EventCountry "CHN"]
[SourceTitle "EXT 2017"]
[Source "ChessBase"]
[SourceDate "2016.10.25"]
[SourceVersion "1"]
[SourceVersionDate "2016.10.25"]
[SourceQuality "1"]

1. e4 c5 2. Nf3 d6 3. d4 cxd4 4. Nxd4 Nf6 5. Nc3 a6 6. Be2 e5 7. Nb3 Be7 8. 0-0 Be6 9. Kh1 Nbd7 10. f4 Qc7 11. f5 Bc4 12. a4 Rc8 13. a5 0-0 14. Ra4 b5 15. axb6 Nxb6 16. Ra1 d5 17. Bxc4 Qxc4 18. Na5 Qc5 19. exd5 Nbxd5 20. Nxd5 Nxd5 21. c3 Rfe8 22. Nb3 Qc4 23. Nd2 Qc6 24. Qf3 Nf6 25. Qe2 Ra8 26. Nc4 e4 27. Be3 Nd5 28. Bd4 Bf6 29. Bxf6 Nxf6 30. Ne3 h6 31. Rfd1 a5 32. Rd4 Reb8 33. h3 Rb5 34. Qd2 Qc7 35. Ra2 Rab8 36. Kg1 Kh7 37. Qf2 Qe5 38. Qe2 Qc7 39. Qf2 Qe5 40. Qe2 Qc7 1/2-1/2

[Event "Torch Cup"]
[Site "Xiapu"]
[Date "2005.06.23"]
[Round "16"]
[White "Wang, Zili"]
[Black "Wang, Yue"]
[Result "1/2-1/2"]
[WhiteElo "2501"]
[BlackElo "2576"]
[PlyCount "126"]
[EventDate "2005.06.21"]
[EventType "team"]
[EventRounds "19"]
[EventCountry "CHN"]
[SourceTitle "CBM 106 Extra"]
[Source "ChessBase"]
[SourceDate "2005.07.01"]
[SourceVersion "1"]
[SourceVersionDate "2005.07.01"]
[SourceQuality "1"]

1. e4 c5 2. Nf3 Nc6 3. Bb5 d6 4. 0-0 Bd7 5. Re1 Nf6 6. c3 a6 7. Ba4 b5 8. Bc2 e5 9. h3 g6 10. a4 Bg7 11. axb5 axb5 12. Rxa8 Qxa8 13. Na3 Qb8 14. Bd3 b4 15. Nc4 0-0 16. Ne3 h6 17. Bc2 Be6 18. d3 Rc8 19. Ba4 bxc3 20. bxc3 d5 21. exd5 Nxd5 22. Nxd5 Bxd5 23. c4 Bxf3 24. Qxf3 Nd4 25. Qd1 Rd8 26. Be3 Qd6 27. Bxd4 Qxd4 28. Qf3 Rd6 29. Rb1 Rf6 30. Qe3 Qxe3 31. fxe3 h5 32. Rf1 Ra6 33. Bb5 Rd6 34. e4 Bh6 35. Rf3 Kg7 36. Kf2 Rd8 37. g3 Ra8 38. Kg2 Bd2 39. Bc6 Ra7 40. Bd5 Bc3 41. h4 Bd4 42. Kh3 f6 43. g4 Ra1 44. gxh5 gxh5 45. Rg3+ Kh7 46. Rf3 Rh1+ 47. Kg3 Bc3 48. Rxf6 Be1+ 49. Kg2 Rxh4 50. Be6 Kg7 51. Rf1 Bd2 52. Bd7 Rf4 53. Rxf4 exf4 54. e5 Bc3 55. e6 Kf6 56. Kf3 Be5 57. Be8 h4 58. Kg4 Kxe6 59. Bc6 Bc7 60. Kxh4 Ke5 61. Kg4 Kd4 62. Kf3 Kxd3 63. Bd5 Kd4 1/2-1/2

[Event "Jinan Torch Cup"]
[Site "Jinan"]
[Date "2005.04.25"]
[Round "6"]
[White "Wu, Kaiyu"]
[Black "Wang, Zili"]
[Result "1/2-1/2"]
[WhiteElo "2294"]
[BlackElo "2501"]
[PlyCount "132"]
[EventDate "2005.04.20"]
[EventType "team"]
[EventRounds "9"]
[EventCountry "CHN"]
[SourceTitle "CBM 106 Extra"]
[Source "ChessBase"]
[SourceDate "2005.07.01"]
[SourceVersion "1"]
[SourceVersionDate "2005.07.01"]
[SourceQuality "1"]

1. e4 c5 2. Nf3 d6 3. Bb5+ Bd7 4. Bxd7+ Qxd7 5. c4 Nf6 6. Nc3 Nc6 7. 0-0 e6 8. d4 cxd4 9. Nxd4 Be7 10. Be3 0-0 11. h3 Rac8 12. b3 b6 13. Rc1 Qb7 14. Qd3 a6 15. f4 Rfe8 16. f5 Bf8 17. fxe6 fxe6 18. Nxc6 Qxc6 19. Bd4 Nd7 20. Qf3 Ne5 21. Qg3 b5 22. cxb5 Qb7 23. bxa6 Qxa6 24. Na4 Rxc1 25. Rxc1 Nc6 26. Bb2 Qa7+ 27. Kh1 Nb4 28. a3 Na6 29. Rc6 Nb8 30. Rc4 Nd7 31. Rc1 Qb7 32. Qe3 Ra8 33. Rc2 e5 34. b4 d5 35. Qb3 Kh8 36. exd5 Qb5 37. Nc3 Qf1+ 38. Kh2 Bd6 39. Ne4 Qf4+ 40. Ng3 e4 41. Bc1 Qe5 42. Rf2 Rf8 43. Rxf8+ Nxf8 44. Bd2 h5 45. h4 Ng6 46. Qc3 Qxd5 47. Be1 Nxh4 48. Kg1 Qg5 49. Qc8+ Kh7 50. Qh3 Qc1 51. Kf1 Qf4+ 52. Ke2 Be7 53. Qe6 Ng6 54. Qxe4 h4 55. Qxf4 Nxf4+ 56. Kf3 Nd3 57. Nf5 Nxe1+ 58. Ke2 Bxb4 59. axb4 Nxg2 60. b5 Nf4+ 61. Kf3 Nd5 62. Nxh4 g5 63. Nf5 Kg6 64. Ne3 g4+ 65. Nxg4 Kf5 66. Ne3+ Nxe3 1/2-1/2

[Event "Jinan Torch Cup"]
[Site "Jinan"]
[Date "2005.04.21"]
[Round "2"]
[White "Wang, Yaoyao"]
[Black "Wang, Zili"]
[Result "1/2-1/2"]
[WhiteElo "2456"]
[BlackElo "2501"]
[PlyCount "43"]
[EventDate "2005.04.20"]
[EventType "team"]
[EventRounds "9"]
[EventCountry "CHN"]
[SourceTitle "CBM 106 Extra"]
[Source "ChessBase"]
[SourceDate "2005.07.01"]
[SourceVersion "1"]
[SourceVersionDate "2005.07.01"]
[SourceQuality "1"]

1. Nf3 Nf6 2. c4 c5 3. g3 b6 4. Bg2 Bb7 5. 0-0 e6 6. Nc3 Be7 7. Re1 d5 8. cxd5 exd5 9. d4 Nbd7 10. dxc5 Nxc5 11. Bf4 0-0 12. Rc1 Nce4 13. Qb3 Bc5 14. e3 Re8 15. h3 Nxc3 16. bxc3 Ne4 17. Be5 Bd6 18. Bd4 Bc5 19. Qc2 Qc7 20. Nd2 Nxd2 21. Qxd2 Rad8 22. Qb2 1/2-1/2

[Event "Yongchuan zt 3.3"]
[Site "Yongchuan"]
[Date "2003.07.23"]
[Round "11"]
[White "Ni, Hua"]
[Black "Wang, Zili"]
[Result "1-0"]
[WhiteElo "2533"]
[BlackElo "2542"]
[PlyCount "41"]
[EventDate "2003.07.11"]
[EventType "tourn"]
[EventRounds "11"]
[EventCountry "CHN"]
[EventCategory "12"]
[SourceTitle "CBM 097"]
[Source "ChessBase"]
[SourceDate "2003.11.11"]
[SourceVersion "1"]
[SourceVersionDate "2003.11.11"]
[SourceQuality "1"]

1. e4 c5 2. Nf3 Nc6 3. Bb5 Nd4 4. Bc4 g6 5. Nc3 Bg7 6. Nxd4 cxd4 7. Qf3 e6 8. Nb5 Be5 9. Qd3 Qb6 10. c3 dxc3 11. dxc3 a6 12. Be3 Qc6 13. f4 Bb8 14. Nd4 Qc7 15. Bb3 Ne7 16. 0-0-0 b5 17. f5 Ba7 18. Rhf1 b4 19. fxe6 fxe6 20. Bf4 e5 21. Bf7+ 1-0

[Event "Yongchuan zt 3.3"]
[Site "Yongchuan"]
[Date "2003.07.22"]
[Round "10"]
[White "Wang, Zili"]
[Black "Zhang, Pengxiang"]
[Result "0-1"]
[WhiteElo "2542"]
[BlackElo "2567"]
[PlyCount "68"]
[EventDate "2003.07.11"]
[EventType "tourn"]
[EventRounds "11"]
[EventCountry "CHN"]
[EventCategory "12"]
[SourceTitle "CBM 097"]
[Source "ChessBase"]
[SourceDate "2003.11.11"]
[SourceVersion "1"]
[SourceVersionDate "2003.11.11"]
[SourceQuality "1"]

1. e4 c5 2. Nf3 Nc6 3. d4 cxd4 4. Nxd4 g6 5. c4 Bg7 6. Be3 Nf6 7. Nc3 0-0 8. Be2 d6 9. Rc1 Nxd4 10. Bxd4 Be6 11. Qd2 Qa5 12. f3 Rfc8 13. b3 a6 14. 0-0 b5 15. cxb5 axb5 16. Rfd1 b4 17. Na4 Rcb8 18. Bf1 Nd7 19. Bxg7 Kxg7 20. Qe1 Nb6 21. Nxb6 Qxb6+ 22. Kh1 Rxa2 23. Bc4 Bxc4 24. Rxc4 Qa5 25. h3 Rb5 26. Qe3 Rg5 27. Rg1 f6 28. Qc1 Rgxg2 29. Rxg2 Ra1 30. Qxa1 Qxa1+ 31. Kh2 Qa3 32. Rc7 Kf7 33. Rd2 Qxb3 34. Rxd6 Qxf3 0-1

[Event "Yongchuan zt 3.3"]
[Site "Yongchuan"]
[Date "2003.07.17"]
[Round "6"]
[White "Wang, Zili"]
[Black "Yu, Shaoteng"]
[Result "1-0"]
[WhiteElo "2542"]
[BlackElo "2508"]
[PlyCount "95"]
[EventDate "2003.07.11"]
[EventType "tourn"]
[EventRounds "11"]
[EventCountry "CHN"]
[EventCategory "12"]
[SourceTitle "CBM 097"]
[Source "ChessBase"]
[SourceDate "2003.11.11"]
[SourceVersion "1"]
[SourceVersionDate "2003.11.11"]
[SourceQuality "1"]

1. e4 e5 2. Nf3 Nf6 3. Nxe5 d6 4. Nf3 Nxe4 5. Nc3 Nxc3 6. dxc3 Be7 7. Bf4 Nc6 8. Qd2 Bg4 9. Be2 Qd7 10. 0-0-0 0-0-0 11. h3 Bh5 12. Rhe1 a6 13. Qd5 Bg6 14. Nd4 Nxd4 15. Rxd4 c6 16. Qa5 c5 17. Rd2 Rhe8 18. Bf3 Bf8 19. Red1 Qc7 20. Qa4 f5 21. Rd5 h6 22. c4 Bf7 23. R5d3 Re6 24. Bd2 Qe7 25. Qa5 Rd7 26. Rb3 Re4 27. Bxe4 Qxe4 28. Qb6 Kb8 29. Re3 Qh4 30. Rde1 Qd8 31. Qxd8+ Rxd8 32. Rf3 Bg6 33. g4 fxg4 34. hxg4 Kc7 35. g5 h5 36. Re6 Bh7 37. g6 Bg8 38. Re4 d5 39. Bg5 Rc8 40. Re1 Bd6 41. Be7 Kd7 42. Bxd6 Kxd6 43. cxd5 Bxd5 44. Rf5 Be6 45. Rxh5 Rf8 46. Rh7 Rg8 47. Reh1 Ke5 48. Rh8 1-0

[Event "Yongchuan zt 3.3"]
[Site "Yongchuan"]
[Date "2003.07.16"]
[Round "5"]
[White "Wang, Zili"]
[Black "Zhang, Zhong"]
[Result "1/2-1/2"]
[WhiteElo "2542"]
[BlackElo "2658"]
[PlyCount "62"]
[EventDate "2003.07.11"]
[EventType "tourn"]
[EventRounds "11"]
[EventCountry "CHN"]
[EventCategory "12"]
[SourceTitle "CBM 097"]
[Source "ChessBase"]
[SourceDate "2003.11.11"]
[SourceVersion "1"]
[SourceVersionDate "2003.11.11"]
[SourceQuality "1"]

1. e4 e5 2. Nf3 Nc6 3. Bb5 a6 4. Ba4 Nf6 5. 0-0 Be7 6. Re1 b5 7. Bb3 d6 8. c3 0-0 9. d3 Na5 10. Bc2 c5 11. Nbd2 Nc6 12. Nf1 Re8 13. h3 h6 14. Ng3 Be6 15. Bb3 c4 16. dxc4 bxc4 17. Ba4 Qc7 18. Nh4 d5 19. exd5 Bxd5 20. Nhf5 Rad8 21. Qe2 Bc5 22. Be3 Bf8 23. Rad1 Qb7 24. Qf1 Be6 25. Bc1 Rxd1 26. Rxd1 Rc8 27. Qe2 Qc7 28. Bxc6 Qxc6 29. Qxe5 Qa4 30. Rf1 Nd7 31. Qf4 Qxa2 1/2-1/2

[Event "Asia-ch"]
[Site "Kolkata"]
[Date "2001.08.15"]
[Round "9"]
[White "Al Modiahki, Mohamad"]
[Black "Wang, Zili"]
[Result "1/2-1/2"]
[WhiteElo "2492"]
[BlackElo "2557"]
[PlyCount "44"]
[EventDate "2001.08.09"]
[EventType "swiss"]
[EventRounds "11"]
[EventCountry "IND"]
[SourceTitle "CBM 085"]
[Source "ChessBase"]
[SourceDate "2001.11.13"]
[SourceVersion "1"]
[SourceVersionDate "2001.11.13"]
[SourceQuality "1"]

1. e4 c5 2. Nf3 d6 3. d4 cxd4 4. Nxd4 Nf6 5. Nc3 Nc6 6. Bc4 Qb6 7. Nde2 e6 8. 0-0 Be7 9. a3 0-0 10. Ba2 Ne5 11. Ng3 Bd7 12. Kh1 Rac8 13. f4 Nc4 14. Qe2 Qa6 15. e5 dxe5 16. fxe5 Nd5 17. Nxd5 exd5 18. c3 Rfe8 19. Bb1 g6 20. Bd3 Qe6 21. Bf4 Qg4 22. Qf2 Bc5 1/2-1/2

[Event "Asia-ch"]
[Site "Kolkata"]
[Date "2001.08.14"]
[Round "8"]
[White "Wang, Zili"]
[Black "Dzhumaev, Marat"]
[Result "1/2-1/2"]
[WhiteElo "2557"]
[BlackElo "2497"]
[PlyCount "149"]
[EventDate "2001.08.09"]
[EventType "swiss"]
[EventRounds "11"]
[EventCountry "IND"]
[SourceTitle "CBM 085"]
[Source "ChessBase"]
[SourceDate "2001.11.13"]
[SourceVersion "1"]
[SourceVersionDate "2001.11.13"]
[SourceQuality "1"]

1. e4 g6 2. d4 Bg7 3. Nc3 d6 4. Bg5 c6 5. Qd2 b5 6. f4 b4 7. Nd1 a5 8. Nf3 Nf6 9. Nf2 d5 10. Bd3 dxe4 11. Nxe4 Bg4 12. Ne5 Bf5 13. Nxf6+ exf6 14. Bxf5 fxg5 15. Be4 0-0 16. fxg5 Ra7 17. 0-0-0 c5 18. h4 Re7 19. Bf3 a4 20. h5 Qxd4 21. Qxd4 cxd4 22. Nd3 Na6 23. hxg6 hxg6 24. Nf4 Nc7 25. Nd3 Rb8 26. Rde1 Rxe1+ 27. Rxe1 Ne6 28. Bc6 a3 29. bxa3 bxa3 30. Bd5 Nxg5 31. Re7 Rd8 32. Bb3 Bf8 33. Re5 Nh7 34. Kd1 Nf6 35. Ra5 Bd6 36. Ra4 Ng4 37. Rxd4 Ne3+ 38. Ke2 Nf5 39. Ra4 Re8+ 40. Kd2 Re7 41. Ra6 Kg7 42. g4 Ng3 43. Bd5 Nf1+ 44. Kc3 Rc7+ 45. Rc6 Ne3 46. Bf3 Rxc6+ 47. Bxc6 Nxg4 48. Kd4 Kf6 49. c4 Ne5 50. Nxe5 Bxe5+ 51. Kd5 Bf4 52. c5 Ke7 53. Kc4 f5 54. Kb3 Bc1 55. Bb7 Kd7 56. Bd5 g5 57. c6+ Kd6 58. c7 Kxc7 59. Be6 f4 60. Bg4 Kd6 61. Kc2 Be3 62. Kd3 Ke5 63. Ke2 Ke4 64. Bh5 Bc5 65. Bg6+ Kd4 66. Kf3 Bd6 67. Bf5 Ke5 68. Bh3 Kd5 69. Bg4 Kc4 70. Bh3 Kd3 71. Bg4 Kc2 72. Bh3 Kb1 73. Be6 Kb2 74. Kg4 Kc3 75. Kf3 1/2-1/2

[Event "Zhong Hong Real Estate Cup"]
[Site "Beijing"]
[Date "2001.07.27"]
[Round "8"]
[White "Wang, Zili"]
[Black "Wu, Shaobin"]
[Result "1/2-1/2"]
[WhiteElo "2557"]
[BlackElo "2535"]
[PlyCount "63"]
[EventDate "2001.07.20"]
[EventType "tourn"]
[EventRounds "11"]
[EventCountry "CHN"]
[EventCategory "10"]
[SourceTitle "CBM 085"]
[Source "ChessBase"]
[SourceDate "2001.11.13"]
[SourceVersion "1"]
[SourceVersionDate "2001.11.13"]
[SourceQuality "1"]

1. e4 e5 2. Nf3 Nc6 3. Bb5 a6 4. Ba4 Nf6 5. 0-0 b5 6. Bb3 Bc5 7. a4 Rb8 8. axb5 axb5 9. Nxe5 Nxe5 10. d4 Bxd4 11. Qxd4 d6 12. f4 Nc6 13. Qc3 Ne7 14. e5 Ne4 15. Qe1 Nc5 16. Ba2 Bf5 17. b4 Ne6 18. Bb2 0-0 19. Qe2 dxe5 20. Qxe5 Qd6 21. Bxe6 Qxe5 22. Bxe5 fxe6 23. Bxc7 Rb7 24. Bd6 Bxc2 25. Na3 Ba4 26. Rae1 Kf7 27. Re5 Rd8 28. Bxe7 Kxe7 29. f5 Rd5 30. Rxe6+ Kf7 31. Rc6 Rd4 32. Nb1 1/2-1/2

[Event "Zhong Hong Real Estate Cup"]
[Site "Beijing"]
[Date "2001.07.26"]
[Round "7"]
[White "Mas, Hafizulhelmi"]
[Black "Wang, Zili"]
[Result "1/2-1/2"]
[WhiteElo "2456"]
[BlackElo "2557"]
[PlyCount "159"]
[EventDate "2001.07.20"]
[EventType "tourn"]
[EventRounds "11"]
[EventCountry "CHN"]
[EventCategory "10"]
[SourceTitle "CBM 085"]
[Source "ChessBase"]
[SourceDate "2001.11.13"]
[SourceVersion "1"]
[SourceVersionDate "2001.11.13"]
[SourceQuality "1"]

1. e4 c5 2. f4 Nc6 3. Nf3 g6 4. Bb5 Qb6 5. Nc3 e6 6. 0-0 Nd4 7. Ba4 Ne7 8. e5 Bg7 9. Ne4 0-0 10. c3 Ndc6 11. d3 Qd8 12. Nxc5 d6 13. exd6 Qxd6 14. Ne4 Qc7 15. d4 b6 16. Qe2 Bb7 17. Bd2 Rad8 18. Rad1 Nf5 19. Bc1 Na5 20. Bc2 Bd5 21. a3 Nb3 22. Be3 Rc8 23. Ne5 f6 24. Nf3 Rfd8 25. Ned2 Na5 26. g4 Nxe3 27. Qxe3 b5 28. h4 Nc4 29. Nxc4 bxc4 30. Rd2 Rb8 31. Bb1 Rb6 32. Rh2 Rdb8 33. Rff2 Qb7 34. Ne1 Bf8 35. h5 g5 36. b4 Bd6 37. Ng2 Re8 38. Rh3 Bxg2 39. Rxg2 Bxf4 40. Qe2 Ra6 41. Qxc4 Rxa3 42. Ba2 Kh8 43. Re2 e5 44. dxe5 Bxe5 45. Rd3 h6 46. Red2 Qc8 47. Qxc8 Rxc8 48. Be6 Re8 49. Rd8 Rxd8 50. Rxd8+ Kg7 51. Rd7+ Kf8 52. c4 a6 53. c5 Rc3 54. Ra7 f5 55. Bxf5 Rc4 56. Rxa6 Rxb4 57. Rxh6 Bd4+ 58. Kg2 Bxc5 59. Rf6+ Ke7 60. Rg6 Kf8 61. h6 Rb2+ 62. Kh1 Rb3 63. Kg2 Rb2+ 64. Kf3 Rh2 65. Ke4 Ba3 66. Rb6 Bb2 67. Rb8+ Kf7 68. Rb7+ Kf8 69. Rb6 Bc3 70. Rg6 Kf7 71. Kd5 Bb2 72. Ra6 Rd2+ 73. Ke4 Rd8 74. Bg6+ Ke7 75. Rb6 Bc3 76. Rb7+ Rd7 77. Rb3 Rd4+ 78. Ke3 Rxg4 79. Rxc3 Rg3+ 80. Kd4 1/2-1/2